000 00371nam a22001457a 4500
005 20251108172659.0
008 250721s2003 xx 000 0 eng d
082 1 4 _aR423.1ATL
245 1 0 _aATLAS DICTIONARY /
264 1 _aCAIRO :
_bATLAS PUPLISHING HOUSE,
_c2003.
300 _a1722P
650 1 7 _aENGLISH LANGUAGE DICTIONARIES
942 _2ddc
_cREF
999 _c85786
_d85786